Igualdad y equilibrio del ahorro y de la inversión (Registro nro. 24622)
[ vista simple ]
| 000 -LEADER | |
|---|---|
| fixed length control field | 00331 a2200109 4500 |
| 001 - CONTROL NUMBER | |
| control field | ART_9891 |
| 005 - DATE AND TIME OF LATEST TRANSACTION | |
| control field | 20260410161847.0 |
| 008 - FIXED-LENGTH DATA ELEMENTS--GENERAL INFORMATION | |
| fixed length control field | 260409a |
| 100 1# - MAIN ENTRY--PERSONAL NAME | |
| Personal name | Paulsen, Andreas |
| 245 10 - TITLE STATEMENT | |
| Title | Igualdad y equilibrio del ahorro y de la inversión |
| 773 0# - HOST ITEM ENTRY | |
| Title | Económica |
| Related parts | - Año I, Nº 3/4 (ene./jun. 1955) |
| Record control number | REV7541 |
No hay ítems disponibles.